| Tag |
First Indicator |
Second Indicator |
Subfields |
| LEADER |
00000cam a2200000 a 4500 |
| 001 |
in00003464021 |
| 005 |
20151206104611.0 |
| 008 |
820120s1981 sp b 00010 spa |
| 010 |
|
|
|a 81162681
|
| 015 |
|
|
|a Sp***
|
| 020 |
|
|
|a 8470462601
|
| 039 |
0 |
|
|a 2
|b 3
|c 3
|d 3
|e 3
|
| 040 |
|
|
|d UtOrBLW
|
| 043 |
|
|
|a e-sp---
|
| 082 |
0 |
|
|a 863/.6/09
|2 19
|
| 090 |
|
|
|a PQ6144
|b .B39
|
| 100 |
1 |
|
|a Basanta, Angel.
|
| 245 |
1 |
0 |
|a Literatura de la postguerra :
|b la narrativa /
|c Angel Basanta.
|
| 264 |
|
1 |
|a Madrid :
|b Cincel,
|c [1981]
|
| 264 |
|
4 |
|c ©1981
|
| 300 |
|
|
|a 103 pages ;
|c 21 cm.
|
| 336 |
|
|
|a text
|b txt
|2 rdacontent
|
| 337 |
|
|
|a unmediated
|b n
|2 rdamedia
|
| 338 |
|
|
|a volume
|b nc
|2 rdacarrier
|
| 490 |
1 |
|
|a Cuadernos de estudio. Serie Literatura ;
|v 26
|
| 504 |
|
|
|a Bibliography: pages 101-103.
|
| 650 |
|
0 |
|a Spanish fiction
|y 20th century
|x History and criticism.
|
| 830 |
|
0 |
|a Cuadernos de estudio (Editorial Cincel).
|p Serie Literatura ;
|v 26.
|
| 999 |
|
|
|a MARS
|
| 999 |
f |
f |
|s 1c14357f-73d7-3fd5-b79b-38777a05e125
|i a5f7b5a2-ac8b-397c-a184-93e79caccc2e
|t 0
|
| 952 |
f |
f |
|p ric
|a Texas A&M University
|b Rellis Campus
|c Joint Library Facility
|d Remote Storage
|t 0
|e PQ6144 .B39
|h Library of Congress classification
|i unmediated -- volume
|m 32060003373434
|
| 998 |
f |
f |
|a PQ6144 .B39
|t 0
|l Remote Storage
|